Survey on common diseases in postweaning piglet at bonlong farm Odong district, Kampong sreu province; អង្កេតពីជំងឺដែលជួបប្រទះលើកូនជ្រូកក្រោយពេលផ្ដាច់ដោះ នៅកសិដ្ឋានចិញ្ចឹមជ្រូក ឡៅ ប៊ុនឡុង ស្រុកឧដុង្គ ខេត្តកំពង់ស្ពឺ (Record no. 10391)

000 -LEADER
fixed length control field 00730nam a22001337a 4500
040 ## - CATALOGING SOURCE
Transcribing agency RUA
082 ## - DEWEY DECIMAL CLASSIFICATION NUMBER
Classification number VEM B506 CHH 2015 Or.1
100 ## - MAIN ENTRY--AUTHOR NAME
Personal name CHHUN RAM; ឈុន រ៉េម
245 ## - TITLE STATEMENT
Title Survey on common diseases in postweaning piglet at bonlong farm Odong district, Kampong sreu province; អង្កេតពីជំងឺដែលជួបប្រទះលើកូនជ្រូកក្រោយពេលផ្ដាច់ដោះ នៅកសិដ្ឋានចិញ្ចឹមជ្រូក ឡៅ ប៊ុនឡុង ស្រុកឧដុង្គ ខេត្តកំពង់ស្ពឺ
260 ## - PUBLICATION, DISTRIBUTION, ETC. (IMPRINT)
Place of publication Phnom, Penh
Name of publisher RUA
Year of publication 2015
300 ## - PHYSICAL DESCRIPTION
Number of Pages ix; 36p;
Other physical details ill;
Dimensions 29cm
856 ## - ELECTRONIC LOCATION AND ACCESS
Uniform Resource Identifier CHHUN RAM
942 ## - ADDED ENTRY ELEMENTS (KOHA)
Koha item type AVM
952 ## - LOCATION AND ITEM INFORMATION (KOHA)
Withdrawn status [LOCAL, KOHA] 0
952 ## - LOCATION AND ITEM INFORMATION (KOHA)
Withdrawn status [LOCAL, KOHA] 0
952 ## - LOCATION AND ITEM INFORMATION (KOHA)
Withdrawn status [LOCAL, KOHA] 0
952 ## - LOCATION AND ITEM INFORMATION (KOHA)
Withdrawn status [LOCAL, KOHA] 0
952 ## - LOCATION AND ITEM INFORMATION (KOHA)
Withdrawn status [LOCAL, KOHA] 0
952 ## - LOCATION AND ITEM INFORMATION (KOHA)
Withdrawn status [LOCAL, KOHA] 0
952 ## - LOCATION AND ITEM INFORMATION (KOHA)
Withdrawn status [LOCAL, KOHA] 0
952 ## - LOCATION AND ITEM INFORMATION (KOHA)
Withdrawn status [LOCAL, KOHA] 0
952 ## - LOCATION AND ITEM INFORMATION (KOHA)
Withdrawn status [LOCAL, KOHA] 0
952 ## - LOCATION AND ITEM INFORMATION (KOHA)
Withdrawn status [LOCAL, KOHA] 0
Holdings
Permanent Location Date acquired Koha item type Lost status Shelving location Barcode Current Location Full call number
Library Block B2016-10-20VEM B506RUA061577Library Block BVEM B506 CHH 2015 Or.1
Library Block B2016-10-20VEM B506A00099Library Block BVEM B506 CHH 2015 Or.2
Library Block B2016-10-20VEM B506A00772Library Block BVEM B506 CHH 2015 Or.3
Library Block B2016-10-20VEM B506A02417Library Block BVEM B506 CHH 2015 Or.4
Library Block B2016-10-20VEM B506A00976Library Block BVEM B506 CHH 2015 Or.5
Library Block B2016-11-17AVM B506a03641Library Block BVEM B506 CHH 2015 Or.6
Library Block B2016-11-17AVM B506a03660Library Block BVEM B506 CHH 2015 Or.7
Library Block B2016-11-17AVM B505a03585Library Block BVEM B506 CHH 2015 Or.8
Library Block B2021-10-12AVM B693a065843Library Block BVEM B693 CHH 2015 Or.1
Library Block B2021-10-12AVM B693a066557Library Block BVEM B693 CHH 2015 Or.1
មជ្ឈមណ្ឌលឯការនៃសាកលវិទ្យាល័យភូមិន្ទកសិកម្មចំការដូង

Powered by Koha